University Home | Library Home | Institutional Repository

Ibn Khaldoun : (Record no. 157849)

MARC details
000 -LEADER
fixed length control field 00774cam2a220024100 4500
001 - CONTROL NUMBER
control field qcf00102210
005 - DATE AND TIME OF LATEST TRANSACTION
control field 20190826084813.0
008 - FIXED-LENGTH DATA ELEMENTS--GENERAL INFORMATION
fixed length control field 840307c19691966fr ab b 000 0 fre d
035 ## - SYSTEM CONTROL NUMBER
System control number (Sirsi) r101931
035 ## - SYSTEM CONTROL NUMBER
System control number (QCAT)lss04035194
035 ## - SYSTEM CONTROL NUMBER
System control number (UPRA)qcf00102210
040 ## - CATALOGING SOURCE
Modifying agency UPRA
050 #0 - LIBRARY OF CONGRESS CALL NUMBER
Classification number D 116.7.13 Lac
100 1# - MAIN ENTRY--PERSONAL NAME
Personal name Lacoste, Yves.
Linkage A50120.1
245 10 - TITLE STATEMENT
Title Ibn Khaldoun :
Remainder of title naissance de l'histoire, passe du Tiers-monde.
250 ## - EDITION STATEMENT
Edition statement 2e ed.
260 ## - PUBLICATION, DISTRIBUTION, ETC.
Place of publication, distribution, etc. Paris :
Name of publisher, distributor, etc. F. Maspero,
Date of publication, distribution, etc. 1969, [c1966]
490 0# - SERIES STATEMENT
Series statement Textes a l'appui
Linkage S359.1
504 ## - BIBLIOGRAPHY, ETC. NOTE
Bibliography, etc. note Bibliographical footnotes.
600 00 - SUBJECT ADDED ENTRY--PERSONAL NAME
Personal name Ibn Khaldun, 1332-1406.
Dates associated with a name Ibn Khaldun, 1332-1406.
Linkage S29949.1
949 ## - LOCAL PROCESSING INFORMATION (OCLC)
a D 116.7.13 Lac
w lcc
c 1
i 33729000018585
m MAIN
p 2500
t BOOK
l ON-SHELF

No items available.

© 2026 - The University of Zambia Library - Koha v25.11